000 01180nac a22004210a 4500
001 PT51754
003 AR-LpoUNG
005 20210201005511.0
008 201001s1976||||sp |||||||||||||||||spa d
020 _a847113201X
_c$4
040 _aAR-LpoUNG
_bspa
_eaacr
041 _aspa
044 _asp
082 0 _aR920.02 844v8
100 1 _aAlonso, José Manuel
245 1 0 _aNasser
250 _a1§ ed.
260 _aBilbao :
_bMoretón,
_c1976.
300 _a520 p. :
_bfot.
_a(10
_fVolúmenes)
_3Impreso
490 0 _aGrandes Biografías
505 0 _aContenido: Nasser / José Manuel Alonso - Lawrence de Arabia / Ramiro Pinilla - María Estuardo / Elena Agüero
650 4 _aANALISIS HISTORICO
650 4 _aBIOGRAFIAS
650 4 _aEGIPTO
650 4 _aFRANCIA
650 4 _aFUERZAS ARMADAS
650 4 _aJEFES DE ESTADO
650 4 _aMATERIAL DE REFERENCIA
650 4 _aSERVICIO DIPLOMATICO
651 4 _aDOCUMENTOS TEORICOS O METODOLOGICOS
653 _aLAWRENCE, THOMAS EDWARD
653 _aMONARQUIA
653 _aNASSER, ABDEL GAMAL
700 1 _aAgüero, Elena
700 1 _aPinilla, Ramiro
905 _a51754
942 _cLSALA
999 _c49890
_d49890